Refugiados e migrantes (Registo nº 1589)
[ vista simples ]
| 000 -Etiqueta do registo | |
|---|---|
| Cabeçalho | 00847nam a2200301 4500 |
| 003 - Persistent Record Identifier | |
| control field | http://id.bnportugal.gov.pt/bib/porbase/2834338 |
| 005 - Identificador da versão | |
| Campo de controlo | 20240823124550.0 |
| 010 ## - Número internacional normalizado dos livros (ISBN) | |
| Número (ISBN) | 9789722535557 |
| 021 ## - Número do Depósito Legal | |
| Código do país | PT |
| Número | 436971/18 |
| 100 ## - Dados gerais de processamento | |
| Dados gerais de processamento | 20191203d2018 c y0pory50030103ba |
| 101 1# - Língua de publicação | |
| Língua do texto, banda sonora, etc. | Português |
| Língua do documento no original | Inglês |
| 102 ## - Pais de publicação ou produção | |
| País de publicação | Portugal |
| 200 1# - Titulo e menção de responsabilidade | |
| Título próprio | Refugiados e migrantes |
| Primeira menção de responsabilidade | Ceri Roberts |
| Outras menções de responsabilidade | il. Hanane Kai |
| 205 ## - Menção da edição | |
| Menção da edição | 1ª ed |
| 210 ## - Publicação, Distribuição, etc. | |
| Lugar da edição, distribuição, etc. | Lisboa |
| Nome do editor, distribuidor, etc. | Bertrand |
| Data da publicação, distribuição, etc. | 2018 |
| 215 ## - Descrição física | |
| Indicação específica da natureza do documento e extensão da espécie | 32 p. |
| Outras indicações físicas | muito il. color |
| 225 2# - Colecção | |
| Título próprio da colecção | As crianças e o mundo |
| 606 ## - Nome comum usado como assunto | |
| Número de registo de entrada de autoridade | 0003172 |
| Palavra de ordem | Migração |
| Código do sistema | CA |
| 675 ## - Classificação Decimal Universal (CDU) | |
| Notação | 314.74 |
| Edição | 3ª ed. |
| Língua da edição | por |
| Notação | 316.347 |
| Edição | 3ª ed. |
| Língua da edição | por |
| Notação | 316.64 |
| Edição | 3ª ed. |
| Língua da edição | por |
| 700 #1 - Nome de autor-pessoa física (responsabilidade principal) | |
| Número de registo de entrada de autoridade | 0003169 |
| Palavra de ordem | Roberts |
| Outra parte do nome não tomada para palavra de ordem | Ceri |
| 702 #1 - Nome de autor-pessoa física (responsabilidade secundária) | |
| Número de registo de entrada de autoridade | 0003170 |
| Palavra de ordem | Kai |
| Outra parte do nome não tomada para palavra de ordem | Hanane |
| Código de função | Ilustrador / Técnico de desenho computorizado |
| Número de registo de entrada de autoridade | 0003171 |
| Palavra de ordem | Furtado |
| Outra parte do nome não tomada para palavra de ordem | Maria Rita |
| Código de função | Tradutor |
| 942 ## - Elementos de entrada adicionados (Koha) | |
| Tipo de item no Koha | Livro |
| 966 ## - Identificação da Biblioteca | |
| Sigla | EB2,3ENM |
| Situação do levantamento | Origin of item (home branch) (coded) | Biblioteca de empréstimo | Cota | Circulation type (not for loan) | Tipo de documento | Damaged status |
|---|---|---|---|---|---|---|
| Biblioteca Escolar Eng. Nuno Mergulhão | Biblioteca Escolar Eng. Nuno Mergulhão | 31 ROB | Livro |
